000 01034nam a2200313 a 4500
001 000012330
003 DO-SdBPM
005 20250624090716.0
008 091111s2003 dr r 000 0 spa d
020 _a999343924X
040 _aDO-SdBPM
_bspa
_cBPMSU
_erda
_drda
082 4 _aRD863.44
_bG216h 2003
_222
100 1 _aGarcía Cartagena, Manuel
100 z _aCartagena, Manuel García,
_d1961-
245 1 0 _aHistorias que no cuentan :
_bcuentos /
_cManuel García-Cartagena.
264 _aSanto Domingo :
_bLibrería La Trinitaria,
_c2003.
300 _a157 páginas . ;
_c22 cm.
336 _atexto
_btxt
_2rdacontent
337 _asin mediación
_bn
_2rdamedia
338 _avolumen
_bnc
_2rdacarrier
500 _aInlcuye datos biográficos del autor en las solapas
590 _aInventariado, 2025/VM
650 7 _aCuentos dominicanos
650 7 _aLiteratura dominicana.
650 z _aShort stories, Dominican
650 z _aDominican literature
910 _aVMateo V. Control de calidad. BPMSU
942 _2ddc
_cBK
999 _c15202
_d15202